| 000 | 00491nam a2200205Ia 4500 | ||
|---|---|---|---|
| 003 | OSt | ||
| 005 | 20140319090150.0 | ||
| 008 | 140130s9999 xx 000 0 und d | ||
| 020 | _a0590275445 | ||
| 050 |
_aPR 6060 _b.B877 1994 |
||
| 100 | _aBrown, Roberta | ||
| 245 |
_cRoberta Brown. _aThe tree house / |
||
| 260 |
_bScholastic, _c1994. _aNew York : |
||
| 300 |
_a16 p. : _bcol. ill. ; _c24 cm. |
||
| 440 | _v1 | ||
| 521 | _aBR | ||
| 526 | _cBR | ||
| 942 |
_cBK _2lcc |
||
| 999 |
_c41566 _d41566 |
||